| 000 | 00000nam##2200000za#4500 |
| 001 | 9.605230 |
| 003 | CaOODSP |
| 005 | 20240206145613 |
| 007 | cr ||||||||||| |
| 008 | 150406|2007||||xxc|||||o f|0| 0 fre|d |
| 040 | |aCaOODSP|bfre |
| 043 | |an-cn--- |
| 086 | 1 |aTU3-6/07-40F-PDF |
| 110 | 2 |aBureau de la sécurité des transports du Canada. |
| 245 | 10|aCollision sur la voie principale entre le train de marchandises 375-237 du Chemin de fer Canadien Pacifique et le train de marchandises 862-012 du Chemin de fer Canadien Pacifique au point miliaire 42,55 de la subdivision Taber à Bow Island en Alberta, le 22 avril 2007 |h[ressource électronique] |
| 260 | |aOttawa - Ontario : |bBureau de la sécurité des transports du Canada |c[2007]. |
| 300 | |a17p.|bfigures, références |
| 490 | 1 |aRapport d'enquête sur un accident ferroviaire |vR07C0040 |
| 590 | |a13-08-Supp|b2013-04-02 |
| 775 | 08|tMain-track collision between Canadian Pacific Railway Freight Train 375-237 and Canadian Pacific Railway Freight Train 862-012 Mile 42.55, Taber Subdivision Bow Island, Alberta, 22 April 2007 |w(CaOODSP)9.575816 |
| 830 | #0|aRapport d'enquête sur un accident ferroviaire ;|vR07C0040|w(CaOODSP)9.501252 |
| 856 | 40|ahttp://publications.gc.ca|qPDF|s651 Ko|uhttps://publications.gc.ca/collections/collection_2013/bst-tsb/TU3-6-07-40-fra.pdf|yR07C0040 |